Historia y crítica de la literatura española. Ilustración y Neoclasicismo / Al cuidado de Francisco Rico; Caso González, José Miguel
Salvato in:
| Natura: | Libro |
|---|---|
| Lingua: | Undetermined |
| Pubblicazione: |
Barcelona, España
Editorial Crítica
1983
|
| Soggetti: | |
| Tags: |
Aggiungi Tag
Nessun Tag, puoi essere il primo ad aggiungerne!!
|
MARC
| LEADER | 00000nam a2200000Ia 4500 | ||
|---|---|---|---|
| 008 | 170316s9999 xx 000 0 und d | ||
| 040 | |a cru BVZT | ||
| 090 | |a H-862 H-1h v.4 | ||
| 245 | |a Historia y crítica de la literatura española. Ilustración y Neoclasicismo / Al cuidado de Francisco Rico; Caso González, José Miguel | ||
| 260 | |a Barcelona, España | ||
| 260 | |b Editorial Crítica | ||
| 260 | |c 1983 | ||
| 300 | |a 664 páginas Vol. 4 | ||
| 650 | |a LITERATURA ESPAÑOLA | ||
| 650 | |a HISTORIA | ||
| 650 | |a CRÍTICA | ||
| 650 | |a ILUSTRACIÓN | ||
| 650 | |a NEOCLASICISMO | ||
| 650 | |a FEIJOO | ||
| 650 | |a TORRES VILLARROEL | ||
| 650 | |a LUZÁN | ||
| 650 | |a NICOLÁS FERNÁNDEZ DE MORATÍN | ||
| 650 | |a RAMÓN DE LA CRUZ Y GARCÍA DE LA HUERTA | ||
| 650 | |a EL PADRE ISLA | ||
| 650 | |a JOSÉ CADALSO | ||
| 650 | |a JOVELLANOS | ||
| 650 | |a MELÉNDEZ VALDÉS | ||
| 650 | |a CIENFUEGOS Y QUINTANA | ||
| 650 | |a TOMÁS DE IRIARTE | ||
| 650 | |a LEANDRO FERNÁNDEZ DE MORATÍN | ||
| 650 | |a MONTENGÓN | ||
| 999 | |c 13667 |d 13667 | ||
| 942 | |c 15 D |h H-862 H-1h v.4 |2 z | ||
